| 000 | 00862cam a22002655a 4500 | ||
|---|---|---|---|
| 001 | 1364876 | ||
| 005 | 20180128104809.0 | ||
| 008 | 160215t2016 enka frb 001 0 eng d | ||
| 020 | _a9780128002339 | ||
| 040 |
_aNhCcYBP _cNhCcYBP _beng _dEG-ScBUE _dEG-ScBUE |
||
| 082 | 0 | 4 |
_a332.1 _222 _bBER |
| 100 | 1 | _aBerger, Allen N. | |
| 245 | 1 | 0 |
_aBank liquidity creation and financial crises / _cAllen N. Berger, Christa H. S. Bouwman. |
| 260 |
_aLondon : _bAcademic Press / Elsevier, _cc.2016 |
||
| 300 |
_axiv, 274 p. : _bill. ; _c24 cm. |
||
| 500 | _aIncludes indexes. | ||
| 504 | _aBibliography : p. 243-254. | ||
| 650 | 7 |
_aLiquidity (Economics) _2BUEsh _936504 |
|
| 650 | 7 |
_aFinancial crises. _2BUEsh _928461 |
|
| 651 | _2BUEsh | ||
| 653 |
_bBUSECO _cOctober2016 _cNovember2016 |
||
| 655 |
_vText book _933728 |
||
| 700 | 1 | _aBouwman, Christa H. S. | |
| 942 | _2ddc | ||
| 999 |
_c22832 _d22804 |
||